Catálogo público

Manual de anatomía y embriología de los animales domésticos : conceptos básicos y datos aplicativos / (Record no. 169282)

MARC details
000 -CABECERA
campo de control de longitud fija 01512nam a2200325Ia 4500
001 - NÚMERO DE CONTROL
campo de control Z_6055
003 - IDENTIFICADOR DEL NÚMERO DE CONTROL
campo de control CHAP
008 - DATOS DE LONGITUD FIJA--INFORMACIÓN GENERAL
campo de control de longitud fija 220113s2=00 xx 000 0 und d
010 ## - NÚMERO DE CONTROL DE LA BIBLIOTECA DEL CONGRESO
Número de control de LC 169282
020 ## - NÚMERO INTERNACIONAL ESTÁNDAR DEL LIBRO
Número Internacional Estándar del Libro 84-200-0962-8 (v. 1) \ 84-200-1060-X (v. 2) \ 84-200-0860-5 (v. 3) \ 84-200-1030-8 (v. 4) \ 84-200-0861-3 (v. 5)
040 ## - FUENTE DE LA CATALOGACIÓN
Centro/agencia transcriptor CHAP
082 ## - NÚMERO DE LA CLASIFICACIÓN DECIMAL DEWEY
Número de clasificación 636.0891 M36
245 ## - MENCIÓN DE TÍTULO
Título Manual de anatomía y embriología de los animales domésticos : conceptos básicos y datos aplicativos /
Mención de responsabilidad, etc. Salvador Climents...[et al]; ilustración Francisco López Bescós
260 ## - PUBLICACIÓN, DISTRIBUCIÓN, ETC.
Lugar de publicación, distribución, etc. España :
Nombre del editor, distribuidor, etc. Acribia,
Fecha de publicación, distribución, etc. 2002
300 ## - DESCRIPCIÓN FÍSICA
Extensión 5 v.
503 ## - NOTA DE HISTORIA BIBLIOGRÁFICA (BK CF MU) [OBSOLETO]
Nota de historia bibliográfica ej.1 v.1: C/E \ ej.1 v.2: C/E \ ej.1 v.3: C/E \ ej.1 v.4: C/E \ ej.1 v.5: C/E
504 ## - NOTA DE BIBLIOGRAFÍA, ETC.
Nota de bibliografía, etc. Incluye bibliografía e índice
505 ## - NOTA DE CONTENIDO CON FORMATO
Nota de contenido con formato Contenido: v. 1: Aparato locomotor: conceptos generales y región axil. -- v. 2: Cabeza; aparato respiratorio; aparato digestivo; aparato urogenital. -- v. 3: Embriología general. -- v. 4: Miembro torácico y miembro pelviano; sistema circulatorio; esqueleto de la cabeza. -- v. 5 Sistema nervioso central y órganos de los sentidos
650 ## - PUNTO DE ACCESO ADICIONAL DE MATERIA--TÉRMINO DE MATERIA
Término de materia o nombre geográfico como elemento de entrada Anatomía veterinaria
Subdivisión general Manuales
9 (RLIN) 143815
650 ## - PUNTO DE ACCESO ADICIONAL DE MATERIA--TÉRMINO DE MATERIA
Término de materia o nombre geográfico como elemento de entrada Animales
Subdivisión general
-- Anantomía y Fisiología
9 (RLIN) 143816
650 ## - PUNTO DE ACCESO ADICIONAL DE MATERIA--TÉRMINO DE MATERIA
Término de materia o nombre geográfico como elemento de entrada Embriología veterinaria
Subdivisión general
-- Manuales
9 (RLIN) 143817
700 ## - PUNTO DE ACCESO ADICIONAL--NOMBRE DE PERSONA
Nombre de persona López Bescós, Francisco, il.
9 (RLIN) 143818
700 ## - PUNTO DE ACCESO ADICIONAL--NOMBRE DE PERSONA
Nombre de persona Climent Peris, Salvador, aut.
9 (RLIN) 143819
901 ## - ELEMENTOS DE DATOS A LOCAL LDA (RLIN)
a 636.0891 M36
902 ## - ELEMENTOS DE DATOS B LOCAL, LDB (RLIN)
a M
910 ## - DATOS DE OPCIÓN DEL USUARIO (OCLC)
Datos de opción del usuario 2=00
942 ## - ELEMENTOS DE PUNTO DE ACCESO ADICIONAL (KOHA)
Tipo de ítem Koha Libro_
942 ## - ELEMENTOS DE PUNTO DE ACCESO ADICIONAL (KOHA)
Tipo de ítem Koha
Holdings
Estado de retiro Estado de pérdida Fuente del sistema de clasificación o colocación Estado dañado No para préstamo Código de colección Localización permanente Ubicación/localización actual Ubicación en estantería Fecha de adquisición Enumeración/cronología de publicación seriada Código de barras Fecha visto por última vez Número de copia Precio válido a partir de Tipo de ítem Koha Total de préstamos Fecha del último préstamo
    Dewey Decimal Classification     General Zootecnia Zootecnia   25/10/2011 Volumen: 1 z_1733 18/01/2022 1 18/01/2022 Libro    
    Dewey Decimal Classification     General Zootecnia Zootecnia   25/10/2011 Volumen: 2 z_1734 14/11/2025 1 18/01/2022 Libro 2 14/11/2025
    Dewey Decimal Classification     General Zootecnia Zootecnia   25/10/2011 Volumen: 3 z_1735 18/01/2022 1 18/01/2022 Libro    
    Dewey Decimal Classification     General Zootecnia Zootecnia   25/10/2011 Volumen: 4 z_1736 19/11/2025 1 18/01/2022 Libro 2 19/11/2025
    Dewey Decimal Classification     General Zootecnia Zootecnia   25/10/2011 Volumen: 5 z_1737 13/10/2023 1 18/01/2022 Libro 1 13/10/2023